00993nam a2200241 a 450000500170000000800410001701000140005802000260007203500130009803700150011104000180012608200110014410000190015524501120017426000430028627000670032930000230039652002360041965000360065565000220069165000220071370000160073520090924141358.0061228s2007 ii ab 000 0 eng  aENG-95052 a9788178794976c150.00 aEN-78585 bDBAD / PUB adplbEnglish  a615.77 aM.I. Kalinski  aErgogenic aids:cby M.I. Kalinski [and] C.A. Connbperformance-enhancing substances in sport and exercise / aNew Delhi bSports Publications c2008 a7/26. Ground Floor, Ansari Road, DaryaganjbNew Delhi e110002 a127p. c22cm(pbk)  aContributed articles chiefly on the politics of Jammu and Kashmir, insurgency and terrorism in the state, and relations with Pakistan with special reference to these conditions in the aftermath of the earthquake on October 8, 2005. aSportsx Physiological aspects. aDoping in sports. aPhysical fitness. aConn, C.A.